College Football Sudden Death: Big 12 - Statistics

General Stats
  • This quiz has been taken 80 times
  • The average score is 10 of 16
Answers on the Grid
Answers color-coded by a green-red scale on the quiz's grid according to % correct below.
Air Force
Akron
Alabama
Appalachian State
Arizona
Arizona State
Arkansas
Arkansas State
Army
Auburn
Ball State
Baylor
Boise State
Boston College
Bowling Green
Buffalo
BYU
California
Central Michigan
Charlotte
Cincinnati
Clemson
Coastal Carolina
Colorado
Colorado State
Duke
East Carolina
Eastern Michigan
Florida Atlantic
FIU
Florida
Florida State
Fresno State
Georgia
Georgia Southern
Georgia State
Georgia Tech
Hawaii
Houston
Illinois
Indiana
Iowa
Iowa State
Jacksonville State
James Madison
Kansas
Kansas State
Kennesaw State
Kent State
Kentucky
Liberty
Louisiana
Louisiana-Monroe
Louisiana Tech
Louisville
LSU
Marshall
Maryland
Memphis
Miami
Miami (OH)
Michigan
Michigan State
Middle Tennessee
Minnesota
Mississippi State
Missouri
Navy
NC State
Nebraska
Nevada
New Mexico
New Mexico State
North Carolina
North Texas
Northern Illinois
Northwestern
Notre Dame
Ohio
Ohio State
Oklahoma
Oklahoma State
Old Dominion
Ole Miss
Oregon
Oregon State
Penn State
Pittsburgh
Purdue
Rice
Rutgers
Sam Houston
San Diego State
San Jose State
SMU
South Alabama
South Carolina
South Florida
Southern Miss
Stanford
Syracuse
TCU
Temple
Tennessee
Texas
Texas A&M
Texas State
Texas Tech
Toledo
Troy
Tulane
Tulsa
UAB
UCF
UCLA
UConn
UMass
UNLV
USC
Utah
Utah State
UTEP
UTSA
Vanderbilt
Virginia
Virginia Tech
Wake Forest
Washington
Washington State
West Virginia
Western Kentucky
Western Michigan
Wisconsin
Wyoming
 
Answer Stats
Answer % Correct
Baylor
77%
Cincinnati
73%
Arizona State
70%
Utah
70%
BYU
67%
Colorado
67%
Iowa State
67%
Kansas State
67%
Arizona
63%
Kansas
63%
TCU
60%
Texas Tech
60%
Oklahoma State
57%
Houston
53%
UCF
53%
West Virginia
53%
No matching quizzes found
Score Distribution
Percent of People with Each Score
Percentile by Number Answered
Your Score History
You have not taken this quiz